東海道本線の駅かつ急行停車駅 - Statistics

General Stats
  • This quiz has been taken 77 times
  • The average score is 22 of 28
Answer Stats
急行の行先(例) Answer % Correct
渋谷、海老名、京成高砂 横浜
88%
泉岳寺 品川
87%
新鵜沼、松阪 名古屋
87%
新清水 静岡
85%
京成成田 新橋
84%
青砥 川崎
82%
相模大野 小田原
82%
新宿 藤沢
81%
橿原神宮前、近鉄奈良 京都
81%
中部国際空港 岐阜
79%
日吉 有楽町
78%
京急久里浜 浜松町
78%
羽田空港第1・第2ターミナル 高輪ゲートウェイ
78%
豊橋 尾張一宮
78%
宝塚、西宮北口、甲子園 大阪
78%
元町・中華街 武蔵小杉
76%
逗子・葉山 鶴見
76%
金沢文庫 東神奈川
76%
新静岡 清水
76%
名鉄一宮 豊橋
76%
吉良吉田 金山
76%
中央林間 大井町
75%
大阪梅田、山陽姫路 神戸
75%
大和、芝山千代田 田町
73%
新開地、大和西大寺 三ノ宮
73%
川根温泉笹間渡 金谷
69%
新清水 草薙
66%
御影 元町
64%
No matching quizzes found
Score Distribution
Percent of People with Each Score
Percentile by Number Answered
Your Score History
You have not taken this quiz